00495 2200181 4500001002100000005001500021008004100036020002200077035001900099041000700118082001000125090001600135100001300151245005300164260004500217300003600262650001500298INLIS00000000001027520241224113954241224||||||||| | ||| |||| || |  a978-602-00-2010-5 0010-1224010275 aid0 a004.6 a004.6 ATH k0 aAthailah00aKontrol dan Amankan Koneksi Internet di Jaringan aJakartabPT. Elex Media Komputindoc2012 a21x14 cm, xiii, 146 cm.; ilus.: 0aKarya Umum